| 000 | 00719aam a2200253 4500 | ||
|---|---|---|---|
| 005 | 20230912155549.0 | ||
| 008 | 150713b2006 xxu||||| |||| 00| 0 spa d | ||
| 020 | _a9977645971 | ||
| 041 | _aESP | ||
| 082 | _a342.05 C8374l | ||
| 100 | _aCosta Rica. Leyes, decretos, etc.. | ||
| 245 | _aLey de jurisdicción constitucional y ley de la creación de la sala constitucional | ||
| 260 | _aCosta Rica | ||
| 260 | _bEditec Editores | ||
| 260 | _c2006 | ||
| 300 | _a64 páginas | ||
| 650 | _aCOSTA RICA | ||
| 650 | _aDERECHO CONSTITUCIONAL | ||
| 650 | _aHABEAS CORPUS | ||
| 650 | _aRECURSO DE AMPARO | ||
| 650 | _aSANCIONES | ||
| 650 | _aCONFLICTOS CONSTITUCIONALES | ||
| 942 |
_cBK _2ddc |
||
| 999 |
_c1701 _d1701 |
||